A turizmus jelentősége Nagy-Britanniában

Bibliográfiai részletek
Szerző: Nagy Judit
További közreműködők: Tóth dr. Zoltán
Dokumentumtípus: Diplomadolgozat
Kulcsszavak:Nagy-Britannia
Egyesült Királyság
Turizmus jelentősége
Turizmuselemzés
Angol statisztika
Online Access:http://dolgozattar.uni-bge.hu/4743

MARC

LEADER 00000nta a2200000 i 4500
001 dolg4743
005 20160210185140.0
008 151215suuuu hu om 000 hun d
040 |a BGE Dolgozattár Repozitórium  |b hun 
041 |a hu 
100 1 |a Nagy Judit 
245 1 2 |a A turizmus jelentősége Nagy-Britanniában  |c Nagy Judit  |h [elektronikus dokumentum] 
695 |a Nagy-Britannia 
695 |a Egyesült Királyság 
695 |a Turizmus jelentősége 
695 |a Turizmuselemzés 
695 |a Angol statisztika 
700 1 |a Tóth dr. Zoltán  |e ths 
856 4 0 |u http://dolgozattar.uni-bge.hu/4743/1/A%20turizmus%20jelent%C5%91s%C3%A9ge%20Nagy-Britanni%C3%A1ban.pdf  |z Dokumentum-elérés